[Event "Expo Milan Chess Move International"]
[Site "Milano ITA"]
[Date "2015.06.24"]
[Round "5"]
[White "D'Avino, Gianfranco"]
[Black "Siraco, Maurizio"]
[WhiteElo "2102"]
[BlackElo "2138"]
[Result "1/2-1/2"]
[PlyCount "119"]
[EventDate "2015.06.20"]

1. d4 Nf6 2. c4 e5 3. dxe5 Ng4 4. Nf3 Bc5 5. e3 Nc6 6. Be2 Ngxe5 7. O-O d6 8.
Nc3 Bf5 9. Nd4 Bd7 10. Nd5 O-O 11. b3 Ne7 12. Bb2 c6 13. Nc3 a5 14. Ne4 Qc7 15.
Nxc5 dxc5 16. Nf3 Nxf3+ 17. Bxf3 Bf5 18. Qe2 Ng6 19. Bg4 Bxg4 20. Qxg4 a4 21.
Rfd1 axb3 22. axb3 Rxa1 23. Bxa1 Qb6 24. Rd3 Rd8 25. Qd1 Rxd3 26. Qxd3 Qb4 27.
Qc3 Qxc3 28. Bxc3 b5 29. Kf1 f6 30. Ke2 Kf7 31. Kd3 h5 32. g3 Ke6 33. e4 Ne7
34. f4 g6 35. h3 Nc8 36. g4 hxg4 37. hxg4 f5 38. exf5+ gxf5 39. g5 Ne7 40. Bd2
Ng6 41. Be3 Kd6 42. Kc3 Ke6 43. Kd3 Kd6 44. Ke2 Kc7 45. Kf3 bxc4 46. bxc4 Kb6
47. Kg3 Ka5 48. Bxc5 Ka4 49. Bd6 c5 50. Bxc5 Kb3 51. Bd6 Kxc4 52. Kf3 Kd3 53.
Kf2 Kd2 54. Be5 Nh4 55. Bg7 Ng6 56. Bh6 Nh4 57. Bf8 Ng6 58. Bb4+ Kd3 59. Bd6
Kd2 60. Bb4+ 1/2-1/2

[Event "Expo Milan Chess Move International"]
[Site "Milano ITA"]
[Date "2015.06.24"]
[Round "5"]
[White "Dadello, Aleksandra"]
[Black "Zoldan, Matteo"]
[WhiteElo "2068"]
[BlackElo "2155"]
[Result "1/2-1/2"]
[PlyCount "83"]
[EventDate "2015.06.20"]

1. e4 c5 2. Nf3 d6 3. d4 cxd4 4. Nxd4 Nf6 5. Nc3 a6 6. f3 e6 7. Be3 b5 8. Qd2
Bb7 9. g4 Nfd7 10. Bd3 Nb6 11. Qf2 N8d7 12. f4 Rc8 13. f5 e5 14. Ne6 fxe6 15.
fxe6 Qf6 16. exd7+ Nxd7 17. Qg3 Be7 18. g5 Qe6 19. O-O-O O-O 20. Nd5 Nc5 21.
Bxc5 Rxc5 22. Nxe7+ Qxe7 23. g6 hxg6 24. Qxg6 Qf6 25. Qg2 Qh6+ 26. Kb1 Rc7 27.
Rhf1 Rcf7 28. a4 Rxf1 29. Bxf1 Rf4 30. axb5 Bxe4 31. Bc4+ Kh8 32. Qd2 axb5 33.
Bxb5 d5 34. Re1 Qh4 35. Bd3 Rf2 36. Qb4 Rf4 37. Bxe4 Rxe4 38. Rxe4 dxe4 39.
Qb8+ Kh7 40. Qxe5 Qe1+ 41. Ka2 e3 42. Qh5+ 1/2-1/2

[Event "Expo Milan Chess Move International"]
[Site "Milano ITA"]
[Date "2015.06.24"]
[Round "5"]
[White "Nicolo', Filippo"]
[Black "Salvador, Roland"]
[WhiteElo "2023"]
[BlackElo "2440"]
[Result "1/2-1/2"]
[PlyCount "37"]
[EventDate "2015.06.20"]

1. e4 c6 2. Nc3 g6 3. f4 d5 4. e5 c5 5. Qf3 Be6 6. Nh3 Nc6 7. Bb5 a6 8. Bxc6+
bxc6 9. O-O h5 10. Ng5 Bf5 11. d3 Nh6 12. Na4 Qa5 13. b3 e6 14. c4 Be7 15. Ba3
O-O 16. h3 d4 17. Rad1 Rac8 18. Qe2 Kg7 19. Qd2 1/2-1/2

[Event "Expo Milan Chess Move International"]
[Site "Milano ITA"]
[Date "2015.06.24"]
[Round "5"]
[White "Radionov, Deni"]
[Black "Burani, Eugenio"]
[WhiteElo "1461"]
[BlackElo "1828"]
[Result "1-0"]
[PlyCount "85"]
[EventDate "2015.06.20"]

1. e4 c5 2. Nf3 Nc6 3. Nc3 Nf6 4. Bb5 Qc7 5. O-O a6 6. Bxc6 Qxc6 7. d3 g6 8.
Bg5 Bg7 9. Qd2 d6 10. Qf4 h6 11. Bxf6 Bxf6 12. e5 dxe5 13. Nxe5 Qd6 14. Rfe1
Be6 15. Nxg6 Bxc3 16. bxc3 Qxf4 17. Nxf4 Kd7 18. Nxe6 fxe6 19. Rab1 b5 20. c4
b4 21. Re5 Rac8 22. Rbe1 Rc6 23. R1e3 a5 24. g3 a4 25. Kg2 Rb8 26. Rh5 b3 27.
axb3 axb3 28. cxb3 Rxb3 29. Rxh6 Rd6 30. Rh4 Rbxd3 31. Rxd3 Rxd3 32. Re4 Rd6
33. h4 e5 34. h5 Ke6 35. h6 Rd8 36. h7 Rh8 37. Rh4 Kf5 38. Kf3 e4+ 39. Ke3 e5
40. Rh5+ Kg4 41. Rh4+ Kf5 42. Rh5+ Kf6 43. g4 1-0

[Event "Expo Milan Chess Move International"]
[Site "Milano ITA"]
[Date "2015.06.24"]
[Round "5"]
[White "Ravagnani, Tiziano"]
[Black "Ricciardi, Arcangelo"]
[WhiteElo "1933"]
[BlackElo "1786"]
[Result "0-1"]
[PlyCount "74"]
[EventDate "2015.06.20"]

1. e4 e6 2. d4 d5 3. Nc3 Nc6 4. e5 Nge7 5. f4 Nf5 6. Nf3 Bb4 7. a3 Ba5 8. Qd3
Bd7 9. Bd2 Bb6 10. Ne2 h5 11. O-O-O Nce7 12. Bb4 a5 13. Bc5 Bxc5 14. dxc5 b6
15. cxb6 c5 16. b7 Rb8 17. Ng3 Rxb7 18. Qa6 Qb8 19. Nxf5 Nxf5 20. Qxa5 O-O 21.
Bd3 Ne3 22. Rde1 Nxg2 23. Rhg1 Nxe1 24. Qxe1 g6 25. Qh4 Rxb2 26. Nd2 Ra2 27.
Nb3 Be8 28. Rg5 f5 29. Qxh5 Kg7 30. Nxc5 Ra1+ 31. Kd2 Qb6 32. Nb3 Qf2+ 33. Kc3
Ra2 34. Qd1 Rf7 35. Nd4 Rxa3+ 36. Kb2 Qxd4+ 37. Kxa3 Qc3+ 0-1

[Event "Expo Milan Chess Move International"]
[Site "Milano ITA"]
[Date "2015.06.25"]
[Round "6"]
[White "Burani, Eugenio"]
[Black "Ravagnani, Tiziano"]
[WhiteElo "1828"]
[BlackElo "1933"]
[Result "1/2-1/2"]
[PlyCount "127"]
[EventDate "2015.06.20"]

1. e4 c5 2. Nf3 d6 3. d4 cxd4 4. Nxd4 Nf6 5. Nc3 g6 6. Be2 Bg7 7. O-O Nc6 8.
Be3 O-O 9. f4 d5 10. e5 Ne4 11. Nxe4 dxe4 12. Nxc6 bxc6 13. Qxd8 Rxd8 14. Rad1
Re8 15. Rd4 a5 16. g4 a4 17. f5 Bxe5 18. Rxe4 Bxb2 19. fxg6 hxg6 20. Bc4 e6 21.
Bc5 Ba6 22. Bxa6 Rxa6 23. Rb4 Ba3 24. Rc4 Bxc5+ 25. Rxc5 Rb8 26. Rf3 Rb5 27.
Rc4 Rd5 28. Kg2 e5 29. h3 Kf8 30. Rfc3 Rd6 31. Kf3 Ke7 32. Ra3 Rd2 33. Ke4 Ke6
34. Rac3 f5+ 35. gxf5+ gxf5+ 36. Kf3 Kd5 37. Rc5+ Ke6 38. R5c4 a3 39. Kg3 Rd1
40. Rd3 Rxd3+ 41. cxd3 Kd5 42. Rb4 c5 43. Rb8 Kd4 44. Rb3 f4+ 45. Kf2 Rh6 46.
Rxa3 Rxh3 47. Ra4+ Kc3 48. Re4 Kxd3 49. Rxe5 c4 50. Rd5+ Ke4 51. Rc5 Rh2+ 52.
Kg1 Rc2 53. a4 f3 54. a5 Kd4 55. Rf5 Rc3 56. Kf2 Ke4 57. Rc5 Rc2+ 58. Kf1 c3
59. a6 Ke3 60. Re5+ Kf4 61. Rc5 Ra2 62. Rxc3 Rxa6 63. Rc8 Re6 64. Kf2 1/2-1/2

[Event "Expo Milan Chess Move International"]
[Site "Milano ITA"]
[Date "2015.06.25"]
[Round "6"]
[White "Costisanu, Romica"]
[Black "Radionov, Deni"]
[WhiteElo "1427"]
[BlackElo "1461"]
[Result "1-0"]
[PlyCount "85"]
[EventDate "2015.06.20"]

1. e4 e5 2. Nf3 Nc6 3. c3 Nf6 4. Qc2 d5 5. Bb5 Qd6 6. d3 dxe4 7. dxe4 Bg4 8.
Be3 Bxf3 9. gxf3 a6 10. Bc4 b5 11. Bb3 Na5 12. Ke2 Nxb3 13. axb3 Qc6 14. Rd1
Bc5 15. Bg5 O-O 16. Bxf6 Qxf6 17. b4 Bb6 18. Nd2 Qh4 19. Rf1 Qxh2 20. c4 bxc4
21. Nxc4 Qf4 22. Rg1 Qf6 23. Rg2 h5 24. Rh1 h4 25. Rg4 Qe6 26. Rgxh4 f6 27.
Rh8+ Kf7 28. R8h7 Rg8 29. Rg1 Kf8 30. Rd1 Kf7 31. Rd5 Rad8 32. Nxb6 Qxb6 33.
Qc4 Ke7 34. Rh1 Rxd5 35. exd5 Qb7 36. Rg1 Kf7 37. b3 Rb8 38. Rb1 Ke7 39. Kd3
Kd6 40. Kc3 c6 41. dxc6 Qxc6 42. Ra1 Rh8 43. Rxa6 1-0

[Event "Expo Milan Chess Move International"]
[Site "Milano ITA"]
[Date "2015.06.25"]
[Round "6"]
[White "Radionov, Timur"]
[Black "Ricciardi, Arcangelo"]
[WhiteElo "1884"]
[BlackElo "1786"]
[Result "1-0"]
[PlyCount "53"]
[EventDate "2015.06.20"]

1. e4 e6 2. d4 d5 3. e5 c5 4. c3 Nc6 5. Nf3 Qb6 6. a3 f6 7. b4 fxe5 8. dxe5 c4
9. Be2 Qc7 10. O-O a5 11. b5 Nxe5 12. Nxe5 Qxe5 13. Re1 Nf6 14. Bxc4 Ne4 15.
Bd3 Nxf2 16. Qd2 Qxe1+ 17. Qxe1 Nxd3 18. Qh4 Bc5+ 19. Kh1 Nf2+ 20. Kg1 O-O 21.
Nd2 Nd3+ 22. Kh1 Bd7 23. h3 Be3 24. Nf3 Rxf3 25. gxf3 Bxc1 26. Qe7 Bc8 27. Qe8#
1-0

[Event "Expo Milan Chess Move International"]
[Site "Milano ITA"]
[Date "2015.06.25"]
[Round "6"]
[White "Salvador, Roland"]
[Black "D'Avino, Gianfranco"]
[WhiteElo "2440"]
[BlackElo "2102"]
[Result "1-0"]
[PlyCount "95"]
[EventDate "2015.06.20"]

1. c4 Nf6 2. Nc3 d5 3. cxd5 Nxd5 4. g3 g6 5. Bg2 Nb6 6. d3 Bg7 7. Be3 Nc6 8.
Rc1 O-O 9. Qd2 e5 10. h4 h5 11. Nf3 Nd4 12. Bh6 f5 13. Nxd4 exd4 14. Nb1 c6 15.
Bxg7 Kxg7 16. Qf4 Qf6 17. Nd2 Be6 18. Nf3 Bxa2 19. Qxd4 Qxd4 20. Nxd4 Rad8 21.
e3 Rfe8 22. Kd2 Bd5 23. Bxd5 Rxd5 24. Rc3 Re7 25. Ra1 a6 26. Rac1 Kf6 27. Rxc6+
bxc6 28. Rxc6+ Kf7 29. Rxb6 a5 30. Nf3 Red7 31. d4 R7d6 32. Rb8 Ke7 33. Ke2 Re6
34. Ne5 Rdd6 35. Rb7+ Ke8 36. Kf3 Rb6 37. Ra7 Ra6 38. Rg7 Rab6 39. Nd3 Re7 40.
Rg8+ Kf7 41. Ra8 Rb5 42. Ne5+ Kf6 43. Rg8 Rexe5 44. dxe5+ Kxe5 45. Rxg6 Rxb2
46. Rh6 a4 47. Rxh5 a3 48. g4 1-0

[Event "Expo Milan Chess Move International"]
[Site "Milano ITA"]
[Date "2015.06.25"]
[Round "6"]
[White "Siraco, Maurizio"]
[Black "Dadello, Aleksandra"]
[WhiteElo "2138"]
[BlackElo "2068"]
[Result "1/2-1/2"]
[PlyCount "92"]
[EventDate "2015.06.20"]

1. e4 e6 2. d4 d5 3. Nc3 Nf6 4. Bg5 dxe4 5. Nxe4 Be7 6. Nxf6+ Bxf6 7. Bxf6 Qxf6
8. Nf3 Nc6 9. Bd3 Bd7 10. c3 O-O-O 11. O-O g5 12. Re1 g4 13. Ne5 Nxe5 14. dxe5
Qg5 15. Qe2 h5 16. Qe3 Qxe3 17. Rxe3 Bc6 18. b4 b6 19. a4 Rd7 20. a5 Rhd8 21.
Ba6+ Bb7 22. Bxb7+ Kxb7 23. h3 Rd3 24. axb6 axb6 25. Rae1 gxh3 26. gxh3 Kc6 27.
Kg2 Kb5 28. Kg3 Kc4 29. Kh4 c5 30. bxc5 bxc5 31. Re4+ Kxc3 32. Rc1+ Kd2 33.
Rxc5 Rf3 34. Ra4 Rdd3 35. Ra2+ Kd1 36. Kxh5 Rxh3+ 37. Kg5 Rhf3 38. Kg4 Rf5 39.
Ra1+ Ke2 40. Rc2+ Rd2 41. Rxd2+ Kxd2 42. f4 Ke3 43. Ra3+ Ke4 44. Ra4+ Ke3 45.
Rb4 f6 46. Rb3+ Ke4 1/2-1/2

[Event "Expo Milan Chess Move International"]
[Site "Milano ITA"]
[Date "2015.06.25"]
[Round "6"]
[White "Villalba, Fernando"]
[Black "Carbone, Lorenzo"]
[WhiteElo "1811"]
[BlackElo "1596"]
[Result "1/2-1/2"]
[PlyCount "82"]
[EventDate "2015.06.20"]

1. d4 d5 2. Nf3 Nf6 3. Bf4 e6 4. e3 Be7 5. Be2 O-O 6. O-O b6 7. c3 Nbd7 8. Nbd2
c5 9. Rc1 c4 10. h3 b5 11. Qc2 Bb7 12. Rfe1 b4 13. cxb4 Bxb4 14. a3 Bxd2 15.
Nxd2 Re8 16. Bf3 Rc8 17. e4 dxe4 18. Nxe4 Nxe4 19. Bxe4 Bxe4 20. Qxe4 Nf6 21.
Qe5 Qb6 22. Rb1 Red8 23. Be3 Rd5 24. Qh2 Rb8 25. Rec1 Rc8 26. Qg3 Ne4 27. Qf3
Nf6 28. Qe2 Qa6 29. Rc2 e5 30. dxe5 Rxe5 31. Rbc1 Nd5 32. Rxc4 Rce8 33. R4c2
Qe6 34. Re1 h6 35. Qf3 Nxe3 36. Rxe3 Rxe3 37. fxe3 Qxe3+ 38. Qxe3 Rxe3 39. Rc8+
Kh7 40. Rc7 Kg6 41. Rxa7 Rb3 1/2-1/2

[Event "Expo Milan Chess Move International"]
[Site "Milano ITA"]
[Date "2015.06.25"]
[Round "6"]
[White "Zoldan, Matteo"]
[Black "Nicolo', Filippo"]
[WhiteElo "2155"]
[BlackElo "2023"]
[Result "1-0"]
[PlyCount "47"]
[EventDate "2015.06.20"]

1. e4 e6 2. d4 d5 3. Nd2 Nc6 4. Ngf3 Nf6 5. e5 Nd7 6. c3 f6 7. Bb5 Be7 8. exf6
Bxf6 9. O-O O-O 10. Re1 Ndb8 11. Nb3 b6 12. Qc2 Qd6 13. Bd3 h6 14. Qe2 a5 15.
a4 Re8 16. Ne5 Nd7 17. Qh5 Ncxe5 18. Qxe8+ Nf8 19. dxe5 Bxe5 20. Rxe5 Qxe5 21.
Be3 c5 22. Nd2 Rb8 23. Nf3 Qd6 24. Qh5 1-0

[Event "Expo Milan Chess Move International"]
[Site "Milano ITA"]
[Date "2015.06.26"]
[Round "7"]
[White "Burani, Eugenio"]
[Black "Siraco, Maurizio"]
[WhiteElo "1828"]
[BlackElo "2138"]
[Result "0-1"]
[PlyCount "64"]
[EventDate "2015.06.20"]

1. e4 e6 2. d4 d5 3. e5 b6 4. Nf3 Qd7 5. Bd3 Ba6 6. O-O Bxd3 7. Qxd3 c5 8. c4
dxc4 9. Qxc4 Nc6 10. dxc5 Bxc5 11. Nc3 Rc8 12. Qg4 f5 13. exf6 Nxf6 14. Qh3 O-O
15. Rd1 Qe8 16. Re1 Nd4 17. Nxd4 Bxd4 18. Be3 Bxc3 19. bxc3 Rxc3 20. Rac1 Rxc1
21. Bxc1 e5 22. Bb2 Qf7 23. Qb3 Qxb3 24. axb3 e4 25. Bxf6 Rxf6 26. Rxe4 Rc6 27.
f4 a5 28. Re5 Rc5 29. Rxc5 bxc5 30. Kf2 c4 31. bxc4 a4 32. c5 Kf7 0-1

[Event "Expo Milan Chess Move International"]
[Site "Milano ITA"]
[Date "2015.06.26"]
[Round "7"]
[White "Carbone, Lorenzo"]
[Black "Costisanu, Romica"]
[WhiteElo "1596"]
[BlackElo "1427"]
[Result "1-0"]
[PlyCount "90"]
[EventDate "2015.06.20"]

1. e4 e5 2. Nf3 Nc6 3. Bb5 Qf6 4. c3 a6 5. Ba4 b5 6. Bc2 Bc5 7. d3 h6 8. Nbd2
d6 9. h3 g5 10. Nb3 Bb6 11. d4 g4 12. hxg4 Bxg4 13. Be3 exd4 14. Nbxd4 Nge7 15.
Nxc6 Nxc6 16. Bxb6 cxb6 17. Qd5 Rc8 18. Bd1 Be6 19. Qxd6 Qg6 20. O-O Rg8 21.
Qg3 Qh7 22. Qh4 Rg4 23. Qh2 Rxe4 24. Bc2 f5 25. Bxe4 fxe4 26. Ng5 Qg6 27. Nxe6
Qxe6 28. Rfd1 Ne5 29. Rd4 Qf5 30. Re1 Ng4 31. Rexe4+ Kf7 32. Rf4 Nxh2 33. Rxf5+
Ke6 34. Rh5 Rh8 35. Kxh2 a5 36. Rdh4 Kd6 37. Rxh6+ Rxh6 38. Rxh6+ Kc5 39. g4 b4
40. cxb4+ axb4 41. g5 b5 42. g6 Kc4 43. Rh3 b3 44. a3 b4 45. axb4 Kxb4 1-0

[Event "Expo Milan Chess Move International"]
[Site "Milano ITA"]
[Date "2015.06.26"]
[Round "7"]
[White "Dadello, Aleksandra"]
[Black "D'Avino, Gianfranco"]
[WhiteElo "2068"]
[BlackElo "2102"]
[Result "0-1"]
[PlyCount "86"]
[EventDate "2015.06.20"]

1. e4 e6 2. d4 d5 3. Nc3 Bb4 4. e5 c5 5. a3 Bxc3+ 6. bxc3 Ne7 7. Qg4 Qc7 8.
Qxg7 Rg8 9. Qxh7 cxd4 10. Ne2 Nbc6 11. f4 Bd7 12. Qd3 dxc3 13. Nxc3 a6 14. Rb1
Na5 15. h4 Nf5 16. Rh3 d4 17. Ne4 O-O-O 18. Bd2 Bb5 19. Qf3 Nc4 20. Bxc4 Qxc4
21. Kf2 Ne3 22. Rg3 Rxg3 23. Kxg3 Bc6 24. Kh2 Kb8 25. Bxe3 dxe3 26. Rb4 Qxc2
27. Qxe3 Rd3 28. Qc5 Qxc5 29. Nxc5 Rxa3 30. g3 a5 31. Rd4 Rc3 32. Ne4 Bxe4 33.
Rxe4 b5 34. h5 b4 35. h6 Rc8 36. g4 Kb7 37. Kg3 Ka6 38. g5 b3 39. Re2 a4 40.
Rb2 Rb8 41. h7 a3 42. Rh2 Rh8 43. f5 b2 0-1

[Event "Expo Milan Chess Move International"]
[Site "Milano ITA"]
[Date "2015.06.26"]
[Round "7"]
[White "Nicolo', Filippo"]
[Black "Radionov, Timur"]
[WhiteElo "2023"]
[BlackElo "1884"]
[Result "0-1"]
[PlyCount "74"]
[EventDate "2015.06.20"]

1. e4 e5 2. Nf3 Nc6 3. Bc4 Bc5 4. c3 Nf6 5. d3 O-O 6. Bb3 d5 7. Qe2 h6 8. h3
Re8 9. g4 dxe4 10. dxe4 Nh7 11. Nbd2 a6 12. Nf1 Be6 13. Bc2 b5 14. Ng3 Bc4 15.
Qd1 Qf6 16. Nh5 Qe7 17. Bd2 Rad8 18. b3 Be6 19. Qe2 b4 20. O-O bxc3 21. Bxc3
Nd4 22. Bxd4 exd4 23. Qd3 Bd7 24. a4 Bc6 25. Rae1 g6 26. Ng3 Nf8 27. Nd2 Ne6
28. Nf5 Qf8 29. Qxa6 Bb6 30. Qc4 Bb7 31. Kh2 d3 32. Bd1 Ba5 33. Qc1 gxf5 34.
gxf5 Qd6+ 35. e5 Qc6 36. Rg1+ Kh8 37. Nc4 d2 0-1

[Event "Expo Milan Chess Move International"]
[Site "Milano ITA"]
[Date "2015.06.26"]
[Round "7"]
[White "Ravagnani, Tiziano"]
[Black "Radionov, Deni"]
[WhiteElo "1933"]
[BlackElo "1461"]
[Result "1/2-1/2"]
[PlyCount "107"]
[EventDate "2015.06.20"]

1. e4 e5 2. Bc4 Nc6 3. Nc3 Bc5 4. Nf3 Nf6 5. d3 d6 6. Bg5 h6 7. Bh4 g5 8. Bg3
Nh5 9. Nxe5 Nxe5 10. Bxe5 dxe5 11. Qxh5 Qf6 12. O-O-O Qf4+ 13. Kb1 Bg4 14. g3
Qf3 15. Bxf7+ Kf8 16. Qg6 Qxf7 17. Qxf7+ Kxf7 18. f3 Bxf3 19. Rhf1 g4 20. Na4
Ke7 21. Rxf3 gxf3 22. Nxc5 f2 23. Nxb7 Raf8 24. Rf1 Rf3 25. Kc1 h5 26. Na5 Rg8
27. Nc4 Ke6 28. Kd1 h4 29. Ke2 hxg3 30. Kxf3 g2 31. Kxf2 gxf1=Q+ 32. Kxf1 Rh8
33. Ke2 Rg8 34. Kf3 Rf8+ 35. Kg3 Rg8+ 36. Kf2 Rf8+ 37. Ke3 Rh8 38. Kd2 Rxh2+
39. Kc3 Rh1 40. Kb4 Rc1 41. Ka5 Rxc2 42. Ka6 Rc1 43. a4 Rd1 44. Kxa7 Rxd3 45.
Kb7 Rd4 46. b3 Rd3 47. Kc6 Rxb3 48. a5 Rb4 49. Kc5 Ra4 50. Kb5 Ra1 51. a6 Rb1+
52. Kc6 Ra1 53. Kb7 Rb1+ 54. Kc6 1/2-1/2

[Event "Expo Milan Chess Move International"]
[Site "Milano ITA"]
[Date "2015.06.26"]
[Round "7"]
[White "Ricciardi, Arcangelo"]
[Black "Villalba, Fernando"]
[WhiteElo "1786"]
[BlackElo "1811"]
[Result "1-0"]
[PlyCount "23"]
[EventDate "2015.06.20"]

1. e4 c5 2. Nc3 g6 3. d4 b6 4. dxc5 bxc5 5. Nf3 Bb7 6. Bc4 e6 7. O-O Bg7 8. Nb5
Bf8 9. Bf4 Na6 10. Bd6 Rc8 11. Bxf8 Kxf8 12. Nd6 1-0

[Event "Expo Milan Chess Move International"]
[Site "Milano ITA"]
[Date "2015.06.26"]
[Round "7"]
[White "Salvador, Roland"]
[Black "Zoldan, Matteo"]
[WhiteElo "2440"]
[BlackElo "2155"]
[Result "1-0"]
[PlyCount "73"]
[EventDate "2015.06.20"]

1. d4 Nf6 2. Nf3 g6 3. Nc3 d5 4. Bf4 c6 5. e3 Bg7 6. Be2 Qa5 7. Qd2 O-O 8. h3
Re8 9. a3 Nfd7 10. b4 Qb6 11. e4 dxe4 12. Nxe4 Nf6 13. Ng3 a5 14. O-O Nd5 15.
Bc4 Be6 16. Bh6 axb4 17. Bxg7 Kxg7 18. Ng5 Bd7 19. axb4 Na6 20. c3 Nac7 21.
Rxa8 Rxa8 22. f4 Bf5 23. Nxf5+ gxf5 24. Qd3 h6 25. Nf3 e6 26. Ne5 Kh7 27. Qf3
Rg8 28. Nxf7 Qa7 29. Re1 Qa3 30. Bxd5 cxd5 31. Qh5 Rg6 32. Nxh6 Kg7 33. Nxf5+
exf5 34. Qxf5 Qxc3 35. Re7+ Kh6 36. Qf8+ Kh5 37. Rh7+ 1-0

[Event "Expo Milan Chess Move International"]
[Site "Milano ITA"]
[Date "2015.06.27"]
[Round "8"]
[White "Carbone, Lorenzo"]
[Black "Salvador, Roland"]
[WhiteElo "1596"]
[BlackElo "2440"]
[Result "0-1"]
[PlyCount "60"]
[EventDate "2015.06.20"]

1. e4 c6 2. c4 e5 3. Nf3 d6 4. h3 f5 5. Nc3 Nf6 6. Bd3 f4 7. Bc2 c5 8. a3 Nc6
9. Rb1 a5 10. Ba4 Bd7 11. Bxc6 bxc6 12. d3 Be7 13. Bd2 O-O 14. O-O Qe8 15. b4
axb4 16. axb4 cxb4 17. Rxb4 Qg6 18. Nh4 Qh6 19. Nf3 g5 20. Nh2 Qg7 21. Ng4 Nxg4
22. hxg4 h5 23. f3 hxg4 24. fxg4 d5 25. Rb7 Bc5+ 26. Rf2 dxc4 27. dxc4 Rab8 28.
Rb1 Rxb1 29. Nxb1 f3 30. Kf1 fxg2+ 0-1

[Event "Expo Milan Chess Move International"]
[Site "Milano ITA"]
[Date "2015.06.27"]
[Round "8"]
[White "Costisanu, Romica"]
[Black "Burani, Eugenio"]
[WhiteElo "1427"]
[BlackElo "1828"]
[Result "0-1"]
[PlyCount "120"]
[EventDate "2015.06.20"]

1. e4 c5 2. Nf3 Nc6 3. c3 Nf6 4. Qc2 d6 5. h3 g6 6. Bc4 Bg7 7. d4 cxd4 8. cxd4
Bd7 9. e5 dxe5 10. dxe5 Ng8 11. Bf4 e6 12. O-O Nge7 13. g4 Na5 14. Qd3 Nxc4 15.
Qxc4 Rc8 16. Qe2 Nd5 17. Bd2 Qb6 18. Rc1 O-O 19. Bc3 Nf4 20. Qd2 Nxh3+ 21. Kg2
Bc6 22. Kg3 Bxf3 23. Kxf3 Rcd8 24. Qe2 Ng5+ 25. Kg3 h6 26. f4 Nh7 27. Nd2 f6
28. Qe4 fxe5 29. Nc4 exf4+ 30. Kg2 Qc6 31. Qxc6 bxc6 32. Bxg7 Kxg7 33. Ne5 Rd2+
34. Kf1 Kf6 35. Nf3 Rd6 36. Rc5 Ng5 37. Nxg5 hxg5 38. Rac1 Rd2 39. R1c2 Rxc2
40. Rxc2 Rb8 41. b3 Rb6 42. Ke2 e5 43. Kd3 c5 44. Rxc5 Rd6+ 45. Ke2 e4 46. b4
e3 47. a4 Rd2+ 48. Kf3 Rf2+ 49. Ke4 e2 50. Rc6+ Ke7 51. Kd5 e1=Q 52. Rc7+ Kd8
53. Rc4 Rd2+ 54. Kc6 Qe6+ 55. Kb5 Rd5+ 56. Rc5 Qb6+ 57. Kc4 Rxc5+ 58. bxc5 Qa5
59. Kd5 f3 60. Ke4 f2 0-1

[Event "Expo Milan Chess Move International"]
[Site "Milano ITA"]
[Date "2015.06.27"]
[Round "8"]
[White "D'Avino, Gianfranco"]
[Black "Nicolo', Filippo"]
[WhiteElo "2102"]
[BlackElo "2023"]
[Result "1/2-1/2"]
[PlyCount "112"]
[EventDate "2015.06.20"]

1. d4 d5 2. c4 dxc4 3. Nf3 a6 4. e3 Bg4 5. Bxc4 e6 6. Nc3 Nc6 7. Be2 Nf6 8. O-O
Bd6 9. Kh1 O-O 10. e4 Bxf3 11. Bxf3 e5 12. d5 Ne7 13. g3 Ng6 14. Bg2 Nd7 15. f4
exf4 16. gxf4 Qh4 17. Qf3 f6 18. Ne2 Ne7 19. Nd4 g5 20. Ne6 g4 21. Qg3 Qxg3 22.
hxg3 Rfe8 23. Be3 Ng6 24. Rac1 Rac8 25. Rfe1 Ngf8 26. Bd4 Bb4 27. Nxf8 Kxf8 28.
Bc3 Bd6 29. Re2 Re7 30. Bd4 Kf7 31. Rf2 Kg6 32. Bf1 Kg7 33. Bd3 Rce8 34. a3
Rxe4 35. Bxe4 Rxe4 36. Rd2 h5 37. b4 h4 38. Bc5 hxg3 39. Bxd6 cxd6 40. Rc7 Re7
41. Rxb7 Kg6 42. Kg2 Kf5 43. Rd4 Re2+ 44. Kxg3 Nf8 45. a4 Ng6 46. b5 axb5 47.
Rxb5 Re3+ 48. Kf2 Rf3+ 49. Kg1 Nxf4 50. Rd2 Ra3 51. Rb4 g3 52. Rd1 Ra2 53. Rf1
Rg2+ 54. Kh1 Rh2+ 55. Kg1 Rg2+ 56. Kh1 Rh2+ 1/2-1/2

[Event "Expo Milan Chess Move International"]
[Site "Milano ITA"]
[Date "2015.06.27"]
[Round "8"]
[White "Radionov, Deni"]
[Black "Dadello, Aleksandra"]
[WhiteElo "1461"]
[BlackElo "2068"]
[Result "0-1"]
[PlyCount "58"]
[EventDate "2015.06.20"]

1. e4 e6 2. d4 d5 3. e5 c5 4. c3 Bd7 5. Nf3 Qb6 6. a3 cxd4 7. cxd4 Bb5 8. Bxb5+
Qxb5 9. Nc3 Qa6 10. Qe2 Ne7 11. Qxa6 Nxa6 12. O-O Rc8 13. Bd2 Nc6 14. b4 Nab8
15. Rac1 a6 16. Na4 Be7 17. Nc5 h6 18. Nxa6 Nxa6 19. b5 Nab8 20. bxc6 Rxc6 21.
Rxc6 Nxc6 22. Rb1 Kd7 23. Rb6 Ra8 24. h3 Rxa3 25. Rb2 f6 26. Bf4 Ra4 27. Rxb7+
Kc8 28. exf6 Kxb7 29. fxg7 Ra8 0-1

[Event "Expo Milan Chess Move International"]
[Site "Milano ITA"]
[Date "2015.06.27"]
[Round "8"]
[White "Radionov, Timur"]
[Black "Siraco, Maurizio"]
[WhiteElo "1884"]
[BlackElo "2138"]
[Result "1-0"]
[PlyCount "81"]
[EventDate "2015.06.20"]

1. e4 c5 2. Nc3 Nc6 3. f4 g6 4. Nf3 Bg7 5. Bb5 Nd4 6. O-O a6 7. Bd3 d6 8. Nxd4
cxd4 9. Ne2 Nf6 10. Qe1 O-O 11. b3 Bd7 12. Bb2 e5 13. Ba3 Ne8 14. fxe5 Bxe5 15.
Bb2 Nf6 16. Bxd4 Bxd4+ 17. Nxd4 Qb6 18. c3 Ng4 19. Qg3 Rae8 20. h3 Ne5 21. Rf6
Kg7 22. Raf1 Re6 23. Rxe6 Bxe6 24. Qf2 Kg8 25. Nxe6 Qxf2+ 26. Rxf2 fxe6 27.
Rxf8+ Kxf8 28. Be2 Ke7 29. Kf2 Kf6 30. Ke3 Nc6 31. d4 Nb8 32. a4 e5 33. d5 Nd7
34. b4 Nb6 35. a5 Nd7 36. Bg4 Ke7 37. Bxd7 Kxd7 38. c4 h5 39. g4 hxg4 40. h4
Kc7 41. c5 1-0

[Event "Expo Milan Chess Move International"]
[Site "Milano ITA"]
[Date "2015.06.27"]
[Round "8"]
[White "Villalba, Fernando"]
[Black "Ravagnani, Tiziano"]
[WhiteElo "1811"]
[BlackElo "1933"]
[Result "0-1"]
[PlyCount "96"]
[EventDate "2015.06.20"]

1. d4 Nf6 2. Nf3 g6 3. Bf4 Bg7 4. e3 c5 5. c3 cxd4 6. exd4 O-O 7. Be2 Qb6 8.
Qb3 Qxb3 9. axb3 d6 10. Nbd2 Nc6 11. O-O h6 12. b4 e5 13. dxe5 dxe5 14. Bg3 e4
15. Ne5 Nxe5 16. Bxe5 Re8 17. Bd4 a6 18. Nc4 Nd5 19. Bxg7 Kxg7 20. Nd6 Re6 21.
Nxc8 Rxc8 22. Bd1 Nf4 23. Bc2 Ne2+ 24. Kh1 Nd4 25. Bd1 Nc6 26. Bb3 Re7 27. Rfe1
f5 28. Rad1 Ne5 29. Rd5 Rce8 30. Ba4 b5 31. Bb3 Nd3 32. Ra1 Nxf2+ 33. Kg1 e3
34. Re1 f4 35. Rd6 Ne4 36. Rxa6 Nd2 37. Bc2 f3 38. Rxg6+ Kf8 39. Rf6+ Rf7 40.
Rxf3 Nxf3+ 41. gxf3 Rxf3 42. Bd3 Re5 43. Re2 Rg5+ 44. Rg2 Rf2 45. Rxg5 hxg5 46.
Bxb5 Rxb2 47. Bd3 Ke7 48. b5 Kd6 0-1